Faculty of Law Library — Cairo University

Official Online Catalog

Handbuch bes Rechtshülfeverfahrens im Deutschen Reiche gegenüber dem Auslande. (Record no. 70154)

MARC details
000 -LEADER
fixed length control field 01113nam a2200325 i 4500
003 - CONTROL NUMBER IDENTIFIER
control field EG-GICUC
005 - DATE AND TIME OF LATEST TRANSACTION
control field 20260412093702.0
008 - FIXED-LENGTH DATA ELEMENTS--GENERAL INFORMATION
fixed length control field 260412s1888 gw ||||fr|||| 00| 0 ger d
040 ## - CATALOGING SOURCE
Original cataloging agency EG-GiCUC
Language of cataloging ger
Transcribing agency EG-GiCUC
Modifying agency EG-GiCUC
Description conventions rda
041 ## - LANGUAGE CODE
Language code of text/sound track or separate title ger
Language code of original ger
082 04 - DEWEY DECIMAL CLASSIFICATION NUMBER
Edition number 21
Classification number 341.78043
Item number Bö.H
092 04 - LOCALLY ASSIGNED DEWEY CALL NUMBER (OCLC)
Edition number 21
099 ## - LOCAL FREE-TEXT CALL NUMBER (OCLC)
Classification number Law1 11 341.78043 Bö.H 1888
100 1# - MAIN ENTRY--PERSONAL NAME
Personal name Böhm , Ferdinand
Relator term Author.
245 ## - TITLE STATEMENT
Title Handbuch bes Rechtshülfeverfahrens im Deutschen Reiche gegenüber dem Auslande.
Number of part/section of a work Vol.2 :
Name of part/section of a work Rechtshülfe in Strafsachen. Mit Sachregister für I. nud II. Theil /
Statement of responsibility, etc. Ferdinand Böhm .
264 ## - PRODUCTION, PUBLICATION, DISTRIBUTION, MANUFACTURE, AND COPYRIGHT NOTICE
Place of production, publication, distribution, manufacture Germany :
Name of producer, publisher, distributor, manufacturer CAVE angen ,
Date of production, publication, distribution, manufacture, or copyright notice 1888.
300 ## - PHYSICAL DESCRIPTION
Extent 331 pages ,
Dimensions 24 cm
336 ## - CONTENT TYPE
Source rda content
Content type term text
337 ## - MEDIA TYPE
Source rda media
Media type term Computer
338 ## - CARRIER TYPE
Source rda carrier
Carrier type term Online Resource
500 ## - GENERAL NOTE
General note Includes Index Pages 286 - 331 .
546 ## - LANGUAGE NOTE
Language note Text in German
650 1# - SUBJECT ADDED ENTRY--TOPICAL TERM
Topical term or geographic name entry element Internationales Recht
650 1# - SUBJECT ADDED ENTRY--TOPICAL TERM
Topical term or geographic name entry element Gesetzgebung
650 1# - SUBJECT ADDED ENTRY--TOPICAL TERM
Topical term or geographic name entry element Internationale Zusammenarbeit
651 1# - SUBJECT ADDED ENTRY--GEOGRAPHIC NAME
Source of heading or term qrmak
856 40 - ELECTRONIC LOCATION AND ACCESS
Uniform Resource Identifier <a href="https://fll.law.cu.edu.eg/fulltext/bks/B11-07884.pdf">https://fll.law.cu.edu.eg/fulltext/bks/B11-07884.pdf</a>
905 ## - Cataloger and Reviser Names
Cataloger Name: Hager Sameh
942 ## - ADDED ENTRY ELEMENTS (KOHA)
Source of classification or shelving scheme Dewey Decimal Classification
Koha item type Books
Edition 21
Suppress in OPAC No
Holdings
Withdrawn status Lost status Source of classification or shelving scheme Damaged status Not for loan Collection Home library Current library Date acquired Total checkouts Full call number Barcode Date last seen Copy number Price effective from Koha item type
    Dewey Decimal Classification   Not for loan القانون الدولي العام جــــامعة القــاهرة مكتبة كلية الحقوق - المبنى الرئيسي 12.04.2026   Law1 11 341.78043 Bö.H 1888 1107884 V2 , C1 B11-07884 12.04.2026 1 12.04.2026 Books

© All rights reserved — Faculty of Law, Cairo University